000 01018nam a22002777a 4500
005 2012112603123.0
008 121126t xxu||||| |||| 00| 0 eng d
010 _aENG-106306
020 _a9781259001819
_c599.00
020 _a1259001814
_c599.00
035 _aEN-89839
037 _bDBAD/PUB
040 _aDPL
_bEng
082 _a658.521
100 _aKhalil, Tarek
_953826
245 _aManagement of technology :
_cby Tarek Khalil [and] Ravi Shankar
_bthe key to competitiveness and wealth creation /
250 _a2nd ed
260 _aNew Delhi
_bTata McGraw Hill
_c2013
270 _a7, West Patel Nagar
_bNew Delhi
_e110008
300 _axxvi, 536p. :
_c23cm(pbk)
_bill.
500 _aIncludes bibliographical references and index
650 _aTechnology
_xManagement
_953827
700 _aRavi Shankar
_954074
942 _2ddc
_cEN
_mKHA
_h658.521
999 _c71647
_d71647